000 02214nam a2200313 i 4500
003 EG-GICUC
005 20260218091802.0
008 260112b1986 ua |||fr|||| 00| 0 ara d
040 _a EG-GICUC
_bara
_c EG-GICUC
_d EG-GICUC
_erda
041 0 _aAra
082 0 4 _221
_a343.83
_bع ب . خ
092 0 4 _221
099 _aLaw1 10 343.83 ع ب . خ 1986
100 0 _aعبدالحميد الشواربى
_eمؤلف.
245 1 2 _aالخبرة الجنائية فى مسائل الطب الشرعى :
_bأبحاث التزييف والتزوير - البحث الفنى عن الجريمة/
_cتأليف دكتور عبدالحميد الشواربى.
264 3 _aالإسكندرية :
_bدار المطبوعات الجامعية ،
_c1986.
300 _a 324 صفحة؛
_c24 سم.
336 _2rda content
_atext
337 _2rda media
_aComputer
338 _2rda carrier
_aOnline Resource
500 _aوسائل بحث الخبير الجنائى - التقارير الطبية الشرعية - الوفاة - بصمات الأصابع الإستعراف - الوفاة الجنائية - الجروح والسمجات والرضوض والكدمات - العاهرات المستديمة - الكسور - الإسفكسيا - الحروق - السموم - الأسلحة النارية - الموافقة الجنسية - هتك العرص والإغتصاب الإجهاض - الأمراض العقلية والطب النفسى الشرعى - المتهمون - الأبحاث الجنائية. مواد الكتابة - نوع القلم - نوع الحبر - نوع الورق - مضاهاة الخطوط - التوقيعات - تقليد الكتابة الأختام والأكلشيهات - محو الكتابة - الكتابة غير مرئية - التزوير بالإضافة - عمر المستندات - تزييف العملات الورقية - تزييف العملات الأجنبية.
546 _aالنص باللغة العربية
650 1 _aالطب الشرعى
_2qrmak
650 1 _aالقانون الجنائى
_2qrmak
651 1 _2qrmak
856 4 0 _uhttps://fll.law.cu.edu.eg/fulltext/bks/B10-07752.pdf
905 _a54
_eYara
942 _2ddc
_cBK
_e21
_n0
999 _c56590
_d56590